Conif informa. (Registro nro. 16821)
[ vista simple ]
| 000 -CABECERA | |
|---|---|
| Campo de control | 00661nas a2200205 a 4500 |
| 005 - FECHA Y HORA DE LA ULTIMA TRANSACCION | |
| Campo de control | 20181114205331.0 |
| 008 - ELEMENTOS DE LONGITUD FIJA—INFORMACION GENERAL | |
| Campo de control | 910901c198u9999ck ux p r 0 0b0spa d |
| 022 ## - ISSN | |
| ISSN | 0121-0289 |
| 040 ## - FUENTE DE CATALOGACIÓN | |
| Agencia catalogadora original | CO-BoIAVH |
| Agencia transcriptora | CO-BoIAVH |
| 041 0# - IDIOMA | |
| Código de idioma para texto/pista de sonido o título separado | Español |
| 044 ## - PAÍS DE PUBLICACIÓN | |
| País de publicación | Colombia |
| 090 ## - CLASIFICACIÓN LOCAL | |
| Colección | SE |
| 245 00 - MENCION DE TITULO | |
| Título | Conif informa. |
| 260 ## - PUBLICACION, DISTRIBUCION, ETC. (PIE DE IMPRENTA) | |
| Lugar de publicación, distribución, etc. | Bogotá (Colombia) : |
| Nombre del editor, distribuidor, etc. | CONIF, |
| Fecha de publicación, distribución, etc. | [198-]- . |
| 300 ## - DESCRIPCION FISICA | |
| Otros detalles físicos | ilustraciones ; |
| Dimensiones | 28 cm. |
| 650 26 - ASIENTO SECUNDARIO DE MATERIA - TERMINO TEMATICO | |
| Término temático o nombre geográfico como elemento de entrada | Forestación |
| Subdivisión geográfica | Colombia |
| Subdivisión de forma | Publicaciones periódicas |
| 9 (RLIN) | 81602 |
| 650 26 - ASIENTO SECUNDARIO DE MATERIA - TERMINO TEMATICO | |
| Término temático o nombre geográfico como elemento de entrada | Recursos forestales |
| Subdivisión geográfica | Colombia |
| Subdivisión de forma | Publicaciones periódicas |
| 9 (RLIN) | 85576 |
| 710 2# - ASIENTO SECUNDARIO - NOMBRE CORPORATIVO | |
| Nombre corporativo o de jurisdicción como elemento de entrada | Corporación Nacional de Investigación y Fomento Forestal (CONIF) |
| 9 (RLIN) | 24590 |
| 942 ## - ELEMENTOS ADICIONALES (KOHA) | |
| Sistema de clasificación | Local |
| Tipo de ítem | Periodica o revista |
| Withdrawn status | Lost status | Sistema de Clasificación | Damaged status | No para préstamo | Colección | Fecha publicación (Año) | Número revista | Ubicación Permanente | Ubicación actual | Fecha de adquisición | Fuente de adquisición | Datos de publicación Seriada | Total Checkouts | Número topográfico | Inventario / Código de Barras | Date last seen | Ejemplar | Price effective from | Forma de adquisición | Tipo de material |
|---|---|---|---|---|---|---|---|---|---|---|---|---|---|---|---|---|---|---|---|---|
| Local | Hemeroteca | 1995 | 16 | Bogotá | Bogotá | 14/03/2001 | Desconocido | Numero 16 (01/12/1995) | SE | 006672 | 25/03/2015 | Ej. 1 | 25/03/2015 | Donación | Periodica o revista |